000 00311nam a22001337a 4500
008 170927b xxu||||| |||| 00| 0 eng d
020 _a9780312601607
041 _aeng
080 _27TH
_a37
100 _a47
101 _aEDU
245 _aCRITICAL THINKING, READING, AND WRITING
_cBARNET,S
942 _2udc
_cBK
999 _c30241
_d30241